00777nam a2200217 a 4500001001000000003000900010005001700019007000300036008004100039040002500080082001500105100003400120245006200154260007300216300003000289590002700319910001400346942001400360952016800374999001700542000032218DO-SdBNP20220822101414.0ta110713s1946 dr c 000 0 spa d aDO-SdBNPbspacBNPHU axxxbM615b aMeyreles Soler, Rafael93774510aBajo la noche enferma :bversos /cRafael Meyreles Soler. aCiudad Trujillo, República Dominicana :bImprenta Rincón,c1946. a113 p. :bretr. ;c16 cm. aInventariado, 2022/ YL aYLockward 2ddccLBS1 00102ddc51708PD-RVaBNPHUbBNPHUcCTd2011-07-13iLF1oxxx M615bp32218-10r2020-06-25w2020-06-25yLBS1zPerteneció a la biblioteca personal Martínez Boog c31709d31709